Glagoljski fragmenti Ivana Berčića u Ruskoj nacionalnoj biblioteci. [1]: Faksimili (Запись № 12612682)

Подробности
000 -МАРКЕР
контрольное поле 01434nam2a2200313 4500
001 - ИДЕНТИФИКАТОР ЗАПИСИ
контрольное поле RU\NLR\BIBL_A\022056155
005 - ИДЕНТИФИКАТОР ВЕРСИИ
контрольное поле 20250625103410.0
010 ## - МЕЖДУНАРОДНЫЙ СТАНДАРТНЫЙ НОМЕР КНИГИ (ISBN)
Номер (ISBN) 953-154-482-X
035 ## - ДРУГИЕ СИСТЕМНЫЕ НОМЕРА
Идентификатор записи (NLR Aleph) 022056155
100 ## - ДАННЫЕ ОБЩЕЙ ОБРАБОТКИ
Данные общей обработки 20231020d2000 |||y0rusy50 ca
101 0# - ЯЗЫК РЕСУРСА
Язык текста, звукозаписи и т.д. хорватский, сербо-хорв.(ром.)
-- древнеболгарский, староболгарский, старославянский, церковнославянский
102 ## - СТРАНА ПУБЛИКАЦИИ ИЛИ ПРОИЗВОДСТВА
Страна публикации Хорватия
-- Российская Федерация
105 ## - ПОЛЕ КОДИРОВАННЫХ ДАННЫХ: ТЕКСТОВЫЕ МАТЕРИАЛЫ, МОНОГРАФИЧЕСКИЕ
Кодированные данные о монографическом текстовом документе ch z 000zy
181 #0 - ПОЛЕ КОДИРОВАННЫХ ДАННЫХ: ВИД СОДЕРЖАНИЯ
Код вида содержания (ISBD) i
Код характеристики содержания (ISBD) axxe
182 #0 - ПОЛЕ КОДИРОВАННЫХ ДАННЫХ: ТИП СРЕДСТВА
Код типа средства (ISBD) n - непосредственное
200 1# - ЗАГЛАВИЕ И СВЕДЕНИЯ ОБ ОТВЕТСТВЕННОСТИ
Основное заглавие Faksimili
Параллельное заглавие Факсимиле
Язык параллельного заглавия русский
203 ## - ВИД СОДЕРЖАНИЯ И ТИП СРЕДСТВА
Вид содержания Текст
Дополнительные сведения об издании визуальный
Тип средства непосредственный
210 ## - ПУБЛИКАЦИЯ, РАСПРОСТРАНЕНИЕ И ДР.
Дата издания, распространения и т.д. 2000
Место издания, распространения и т.д. Б. м.
215 ## - ФИЗИЧЕСКАЯ ХАРАКТЕРИСТИКА
Специфическое обозначение материала и объем 15, [480] с.
Другие сведения о физической характеристике факс., портр.
300 ## - ОБЩИЕ ПРИМЕЧАНИЯ
Текст примечания Текст факс. на церковнославян. яз. хорв. ред. (глаголица)
300 ## - ОБЩИЕ ПРИМЕЧАНИЯ
Текст примечания Предисл. на хорв. яз.
320 ## - ПРИМЕЧАНИЯ О НАЛИЧИИ В ДОКУМЕНТЕ БИБЛИОГРАФИИ / УКАЗАТЕЛЯ
Текст примечания Библиогр. в подстроч. примеч.
461 #0 - УРОВЕНЬ НАБОРА
Встроенное поле 001RU\NLR\BIBL_A\022056074
-- 2001#$aGlagoljski fragmenti Ivana Berčića u Ruskoj nacionalnoj biblioteci$v[1]
Системный номер (АБИС) связанной записи 12612450
Место публикации Zagreb
Дата публикации 2000
Первые сведения об ответственности priredila Svetlana O. Vialova
Параллельное заглавие Глаголические фрагменты Ивана Берчича в Российской национальной библиотеке
Имя издателя, распространителя и т.д. Hrvatska akademija znanosti i umjetnosti
Заглавие Glagoljski fragmenti Ivana Berčića u Ruskoj nacionalnoj biblioteci
ISBN 9531544077
Номер тома [1]
510 1# - ПАРАЛЛЕЛЬНОЕ ЗАГЛАВИЕ
Параллельное заглавие Факсимиле
Язык заглавия русский
942 ## - ДОПОЛНИТЕЛЬНЫЕ ЭЛЕМЕНТЫ ЗАПИСИ (АБИС)
Тип экземпляра АБИС Книга
980 ## - КОЛЛЕКЦИЯ
Название коллекции Национальная библиография
Экземпляры
Тип экземпляра Дата поступления Источник поступления Стоимость Библиотека постоянного хранения Библиотека текущего хранения Место хранения Шифр хранения Штрих-код Статус экземпляра
Книга 20.10.2023 Международный обмен 600.00 РНБ (Московский) РНБ (Московский) Иностранный книжный фонд Ик 2023-9/83 1-1540228  
Книга 02.02.2024 Международный обмен 600.00 РНБ (Садовая) РНБ (Садовая) Фонд литературы по библиотековедению, иностранная Би 6040/G-541 1-1540466